000 00436nam a2200181Ia 4500
001 14823
005 20260306164942.0
008 260306t2000||||xx |||||||||||||| ||spa||
041 _aESP
082 _a519.4
_bG37
100 _aGerald, Curtis F.
_eAUT
245 0 _aAnálisis numérico con aplicaciones
260 _c2000
300 _axiv, 698 páginas :
_c23 cm.
650 _aGEN
654 _aCMA
942 _cLIB
_dJUS
_fJUS
_2ddc
_n
999 _c14823
_d14823